000 00663nam a2200217Ia 4500
005 20250326144507.0
008 250326s9999 xx 000 0 und d
020 _a978-0-8058-4710-9
037 _aTextbook
040 _aFMSL
_beng
_cFMSL
041 _aeng
_2eng
084 _aX:8 P9
_qFMSL
100 _aPutnam Linda L Ed.
_9602103
245 0 _aBuilding theories of organization: constitutive role of communication
_cPutnam Linda L Ed.; Nicotera Anne Mayden
260 _aLondon
_bLondon, Routledge
_c2009
300 _axviii,222
365 _b1858.7415000000001
650 _aManagement
942 _cTB
_hX:8 P9
999 _c1303912
_d1303912